Géographie de l'Asie - Statistiques

Statistiques générales
  • Ce quiz a été pris 309 fois
    268 depuis la dernière actualisation
  • Le résultat moyen est 10 sur 14
Statistiques - réponses
Indice Réponse % Correct
Plus haut sommet du monde Mont Everest
98%
Autre nom pour le Myanmar Birmanie
91%
Montagne la plus connue du Japon Mont Fuji
85%
Désert situé entre la Mongolie et la Chine Désert de Gobi
82%
Vaste région de Russie composé notamment de Taiga Sibérie
82%
Pays situé sur l'île du Timor Timor Oriental
75%
Pays envahi par l'Irak en 1990 par Saddam Hussein Koweit
71%
Pays qui abrite les tours Petronas Malaisie
71%
Pays dévasté par trois générations de dictature Corée du Nord
69%
Capitale du pays ci-haut Kuala Lumpur
63%
Énorme île de l'Indonésie touché par un tsunami en 2004 Sumatra
62%
Pays composé presque entièrement de Bouddhistes Bhoutan
60%
Ville la plus importante du Pakistan Karachi
55%
Capitale du pays ci-haut Dili
50%
Aucun quiz correspondant
Distribution des résultats
% des personnes avec chaque résultat
Percentile par nombre de réponses
Votre historique - résultats
Vous n’avez pas pris ce quiz depuis la dernière actualisation